Larousse gran diccionario (Record no. 8225)

MARC details
000 -LEADER
campo de control de longitud fija 00941nam a2200253 i 4500
001 - NÚMERO DE CONTROL
campo de control 8225
003 - IDENTIFICADOR DE NÚMERO DE CONTROL
campo de control ES-MaACL
005 - FECHA Y HORA DE LA ÚLTIMA TRANSACCIÓN
campo de control 20230906145417.0
007 - CAMPO FIJO DE DESCRIPCIÓN FÍSICA--INFORMACIÓN GENERAL
campo de control de longitud fija t|
008 - DATOS DE LONGITUD FIJA--INFORMACIÓN GENERAL
campo de control de longitud fija 920309s1991 sp ||||1| spa d
020 ## - NÚMERO INTERNACIONAL ESTÁNDAR DEL LIBRO
Número Internacional Estándar del Libro 2-03-451341-X
080 ## - NÚMERO DE LA CLASIFICACIÓN DECIMAL UNIVERSAL
Número de la Clasificación Decimal Universal 46.3=2
080 ## - NÚMERO DE LA CLASIFICACIÓN DECIMAL UNIVERSAL
Número de la Clasificación Decimal Universal 42.3=6
245 00 - MENCIÓN DEL TÍTULO
Título Larousse gran diccionario
Resto del título : español-ingles /
Mención de responsabilidad, etc. dirigido y realizado por Ramón García-Pelayo y Gross con la colaboración de Micheline Durand, Barry Tulett y de Fernando García-Pelayo.
260 ## - PUBLICACIÓN, DISTRIBUCIÓN, ETC.
Lugar de publicación, distribución, etc. Paris :
Nombre del editor, distribuidor, etc. Larousse,
Fecha de publicación, distribución, etc. cop. 1991.
300 ## - DESCRIPCIÓN FÍSICA
Extensión 1542, [XLIV] p., [16] p. de lám. ;
Dimensiones 29 cm.
650 14 - PUNTO DE ACCESO ADICIONAL DE MATERIA--TÉRMINO DE MATERIA
Término de materia o nombre geográfico como elemento de entrada Lengua española-
Subdivisión de forma Diccionarios-
Subdivisión general Inglés.
9 (RLIN) 14142
650 14 - PUNTO DE ACCESO ADICIONAL DE MATERIA--TÉRMINO DE MATERIA
Término de materia o nombre geográfico como elemento de entrada Lengua inglesa-
Subdivisión de forma Diccionarios-
Subdivisión general Español.
9 (RLIN) 14270
700 1# - ENTRADA AGREGADA--NOMBRE PERSONAL
Nombre de persona García-Pelayo y Gross, Ramón.
9 (RLIN) 55096
700 1# - ENTRADA AGREGADA--NOMBRE PERSONAL
Nombre de persona Durand, Micheline.
9 (RLIN) 46256
700 1# - ENTRADA AGREGADA--NOMBRE PERSONAL
Nombre de persona Tulett, Barry.
9 (RLIN) 111665
700 1# - ENTRADA AGREGADA--NOMBRE PERSONAL
Nombre de persona García-Pelayo, Fernando.
9 (RLIN) 55090
852 ## - LOCALIZACIÓN
Ubicación ES-MaACL
Número de control de estantería L-15414
Sublocalización o colección R.120009
Holdings
Estatus retirado Estado de pérdida Estado de daño No para préstamo Colección Biblioteca de origen Biblioteca actual Ubicación en estantería Fecha de adquisición Fuente de adquisición Total de préstamos Signatura topográfica completa Código de barras Visto por última vez Precio de reemplazo Tipo de ítem Koha
        Colección de referencia Biblioteca del Ateneo de Madrid Biblioteca del Ateneo de Madrid Depósito 2 17/01/2008     L-15414 1008394 23/02/2023 23/02/2023 Libro impreso